| 000 | 00872nam a22002897a 4500 | ||
|---|---|---|---|
| 001 | 5390 | ||
| 003 | FISKH | ||
| 005 | 20250512153516.0 | ||
| 008 | 241202b cb ||||| |||| 00| 0 eng d | ||
| 020 | _a0316104531 | ||
| 040 |
_aFISKH _beng _cFISKH _dFISKH |
||
| 050 | _aPZ7.B81618 | ||
| 082 | _a791.45 | ||
| 100 |
_aBrown, Marc _d(1946–) |
||
| 245 |
_aD.W. the picky eater / _cMarc Brown |
||
| 250 | _aFirst paperback edition | ||
| 260 |
_aCanada : _bLittle Brown, _c1995. |
||
| 300 |
_a23 pages : _bColor illustrations ; _c21 cm |
||
| 505 | _aH | ||
| 520 | _aBecause her eating habits cause some problems, Arthur the aardvark's younger sister has to stay home when her family eats out. | ||
| 521 | 8 |
_a410
_bLexile |
|
| 521 | 8 |
_aH
_bRaz-Plus |
|
| 650 |
_2Eating _aPicture book |
||
| 650 |
_2Manners _aNutrition |
||
| 942 |
_2ddc _cBK _n0 |
||
| 999 |
_c5390 _d5390 |
||